| 000 | 005960000a22001810004500 | ||
|---|---|---|---|
| 003 | MACL | ||
| 005 | 20160604125843.0 | ||
| 008 | 160604b xxu||||| |||| 00| 0 eng d | ||
| 040 |
_aMACL _cMACL |
||
| 041 | _aHindi | ||
| 082 | _a920 | ||
| 100 |
_aअग्रवाल, मीना _957385 |
||
| 245 |
_aलोकमान्य बालगंगाधर तिलक _cमीना अग्रवाल |
||
| 260 |
_bडायमंड पब्लिकेशन्स _c2007 _aदिल्ली |
||
| 350 | _a180 | ||
| 650 |
_aBiography _962353 |
||
| 942 |
_cHIN _k920/AGR _2ddc |
||
| 999 |
_c11656 _d11656 |
||